Cserjétől a csészéig, valamint a kávéra alapuló márkaépítés a Cafe Frei és a Starbucks bemutatása alapján

Bibliographic Details
Main Author: Végh Barbara
Other Authors: Gancsovné Rossi Krisztina
Format: Thesis
Kulcsszavak:Kávé, történet
Kávé, feldolgozás
Starbucks
Cafe Frei
Elemzés, összehasonlító
Online Access:http://dolgozattar.uni-bge.hu/59415

MARC

LEADER 00000nta a2200000 i 4500
001 dolg59415
005 20260115121034.0
008 260115suuuu hu om 000 hun d
040 |a BGE Dolgozattár Repozitórium  |b hun 
041 |a hu 
100 1 |a Végh Barbara 
245 1 0 |a Cserjétől a csészéig, valamint a kávéra alapuló márkaépítés a Cafe Frei és a Starbucks bemutatása alapján  |c Végh Barbara  |h [elektronikus dokumentum] 
695 |a Kávé, történet 
695 |a Kávé, feldolgozás 
695 |a Starbucks 
695 |a Cafe Frei 
695 |a Elemzés, összehasonlító 
700 1 |a Gancsovné Rossi Krisztina  |e ths 
856 4 0 |u http://dolgozattar.uni-bge.hu/59415/1/Vegh-Barbara.pdf  |z Dokumentum-elérés